Statistics for professional courses (Record no. 393618)

MARC details
000 -LEADER
fixed length control field 00445 a2200169 4500
005 - DATE & TIME
control field 20251217114555.0
008 - FIXED-LENGTH DATA ELEMENTS--GENERAL INFORMATION
fixed length control field 251217b |||||||| |||| 00| 0 eng d
020 ## - ISBN
International Standard Book Number 9788123919812
Price Rs. 250.00
040 ## - CATALOGING SOURCE
Original cataloging agency VIVEKANANDA LIBRARY
082 ## - DDC NUMBER
Classification number 310
Book Number A15S
100 ## - MAIN ENTRY--PERSONAL NAME
Personal name Agarwal, B L
245 ## - TITLE STATEMENT
Title Statistics for professional courses
260 ## - PUBLICATION, DISTRIBUTION, ETC. (IMPRINT)
Name of publisher, distributor, etc CBS Publishers and Distributors
Place of publication, distribution, etc New Delhi
Date of publication, distribution, etc 2011
300 ## - PHYSICAL DESCRIPTION
Pages xv, 294
650 ## - Subject
Subject Statistics
942 ## - ADDED ENTRY ELEMENTS (KOHA)
Koha item type Books
Holdings
Withdrawn status Lost status Source of classification or shelving scheme Damaged status Not for loan Location (home branch) Sublocation or collection (holding branch) Shelving location Date acquired Koha issues (times borrowed) Koha full call number Accession No. Koha date last seen Koha item type
    Dewey Decimal Classification     VIVEKANANDA LIBRARY VIVEKANANDA LIBRARY Vivekananda Library 04/12/2025   310 A15S 443547 04/12/2025 Books
© Designed and Maintained by Vivekananda Library, MDU Rohtak